Institutional Constraints on Southeasteuropean Development (Record no. 8750)

MARC details
000 -LEADER
fixed length control field 00654nam a22002177u 4500
001 - CONTROL NUMBER
control field pwiiw3304
003 - CONTROL NUMBER IDENTIFIER
control field OSt
005 - DATE AND TIME OF LATEST TRANSACTION
control field 20260516120107.0
008 - FIXED-LENGTH DATA ELEMENTS--GENERAL INFORMATION
fixed length control field 020217t2002 au ||||| |||| 00| ||eng d
040 ## - CATALOGING SOURCE
Transcribing agency OSt
041 ## - LANGUAGE CODE
Language code of text/sound track or separate title eng
100 1# - MAIN ENTRY--PERSONAL NAME
Personal name Madzar, Ljubomir
245 10 - TITLE STATEMENT
Title Institutional Constraints on Southeasteuropean Development
260 ## - PUBLICATION, DISTRIBUTION, ETC.
Place of publication, distribution, etc. Wien :
Name of publisher, distributor, etc. Wiener Institut für Internationale Wirtschaftsvergleiche (wiiw),
Date of publication, distribution, etc. 2002.
490 1# - SERIES STATEMENT
Series statement wiiw Balkan Observatory Working Papers
Volume/sequential designation 22
520 ## - SUMMARY, ETC.
Summary, etc.
651 ## - SUBJECT ADDED ENTRY--GEOGRAPHIC NAME
Geographic name SEE
830 #0 - SERIES ADDED ENTRY--UNIFORM TITLE
Volume/sequential designation 22
Bibliographic record control number WIIW0000140
Title of a work wiiw Balkan Observatory Working Papers
856 40 - ELECTRONIC LOCATION AND ACCESS
Uniform Resource Identifier <a href="https://wiiw.ac.at/p-3304.html">https://wiiw.ac.at/p-3304.html</a>
942 ## - ADDED ENTRY ELEMENTS (KOHA)
Koha item type Paper
Source of classification or shelving scheme Other/Generic Classification Scheme
Holdings
Withdrawn status Lost status Damaged status Not for loan Home library Current library Shelving location Date acquired Inventory number Total Checkouts Full call number Barcode Date last seen Price effective from Koha item type
        WIIW WIIW Library 02/17/2002 pwiiw3304   22 1000010003304 02/17/2002 02/05/2019 Paper
The Vienna Instiute for International Economic Studies (wiiw)